<?xml version="1.0" encoding="UTF-8"?>
<record
    xmlns:xsi="http://www.w3.org/2001/XMLSchema-instance"
    xsi:schemaLocation="http://www.loc.gov/MARC21/slim http://www.loc.gov/standards/marcxml/schema/MARC21slim.xsd"
    xmlns="http://www.loc.gov/MARC21/slim">

  <leader>00820nam a2200169 a 4500</leader>
  <controlfield tag="001">000019260</controlfield>
  <controlfield tag="005">20200929165951.0</controlfield>
  <controlfield tag="008">100315s2009    sp            000 0 spa d</controlfield>
  <datafield tag="020" ind1=" " ind2=" ">
    <subfield code="a">9788478410842</subfield>
  </datafield>
  <datafield tag="040" ind1=" " ind2=" ">
    <subfield code="a">DO-SdBNP</subfield>
    <subfield code="b">spa</subfield>
    <subfield code="c">BNPHU</subfield>
  </datafield>
  <datafield tag="082" ind1=" " ind2=" ">
    <subfield code="a">xxxx</subfield>
  </datafield>
  <datafield tag="245" ind1="0" ind2="0">
    <subfield code="a">Los nuevos empresarios.</subfield>
  </datafield>
  <datafield tag="260" ind1=" " ind2=" ">
    <subfield code="a">Barcelona Espa&#xF1;a :</subfield>
    <subfield code="b">Oceano-Centrum,</subfield>
    <subfield code="c">2009.</subfield>
  </datafield>
  <datafield tag="300" ind1=" " ind2=" ">
    <subfield code="a">2 v. :</subfield>
    <subfield code="b">diagrs. ;</subfield>
    <subfield code="c">27 cm +</subfield>
    <subfield code="e">cd-rom</subfield>
  </datafield>
  <datafield tag="505" ind1="2" ind2=" ">
    <subfield code="g">v. 1 :</subfield>
    <subfield code="t">C&#xF3;mo ser un l&#xED;der eficaz --</subfield>
    <subfield code="t">C&#xF3;mo negociar eficazmente --</subfield>
    <subfield code="t">C&#xF3;mo dirigir reuniones --</subfield>
    <subfield code="t">C&#xF3;mo desarrollar un plan de negocios --</subfield>
    <subfield code="t">Sea su propio jefe --</subfield>
    <subfield code="g">v. 2:</subfield>
    <subfield code="t">C&#xF3;mo administrar su tiempo --</subfield>
    <subfield code="t">Presente informes y propuestas eficaces --</subfield>
    <subfield code="t">Correo electr&#xF3;nico: c&#xF3;mo escribir mensajes eficaces --</subfield>
    <subfield code="t">&#xA1;Haga esa llamada! --</subfield>
    <subfield code="t">Eleve su autoestima --</subfield>
    <subfield code="t">C&#xF3;mo tratar con gente dif&#xED;cil.</subfield>
  </datafield>
  <datafield tag="049" ind1=" " ind2=" ">
    <subfield code="a">BNPD</subfield>
  </datafield>
  <datafield tag="952" ind1=" " ind2=" ">
    <subfield code="0">0</subfield>
    <subfield code="1">0</subfield>
    <subfield code="5">0</subfield>
    <subfield code="7">1</subfield>
    <subfield code="8">MO</subfield>
    <subfield code="a">GR</subfield>
    <subfield code="b">GR</subfield>
    <subfield code="c">HD</subfield>
    <subfield code="d">2010-05-31</subfield>
    <subfield code="i">LF1</subfield>
    <subfield code="l">0</subfield>
    <subfield code="o">xxxx </subfield>
    <subfield code="p">19260-10</subfield>
    <subfield code="r">2020-06-25</subfield>
    <subfield code="w">2020-06-25</subfield>
    <subfield code="y">1</subfield>
    <subfield code="Z">No se presta</subfield>
  </datafield>
  <datafield tag="952" ind1=" " ind2=" ">
    <subfield code="0">0</subfield>
    <subfield code="1">0</subfield>
    <subfield code="5">0</subfield>
    <subfield code="7">1</subfield>
    <subfield code="8">MO</subfield>
    <subfield code="a">GR</subfield>
    <subfield code="b">GR</subfield>
    <subfield code="c">HD</subfield>
    <subfield code="d">2010-05-31</subfield>
    <subfield code="i">LF1</subfield>
    <subfield code="l">0</subfield>
    <subfield code="o">xxxx </subfield>
    <subfield code="p">19260-20</subfield>
    <subfield code="r">2020-06-25</subfield>
    <subfield code="t">e. 2</subfield>
    <subfield code="w">2020-06-25</subfield>
    <subfield code="y">1</subfield>
    <subfield code="Z">No se presta</subfield>
  </datafield>
  <datafield tag="999" ind1=" " ind2=" ">
    <subfield code="c">18778</subfield>
    <subfield code="d">18778</subfield>
  </datafield>
</record>
